ბათუმის შოთა რუსთაველის სახელმწიფო უნივერსიტეტის ბიბლიოთეკა

Спартак / (ბიბ.ჩანაწერი № 61135)

000 -LEADER
fixed length control field 00581nam a22001817a 4500
005 - DATE AND TIME OF LATEST TRANSACTION
control field 20231221172252.0
008 - FIXED-LENGTH DATA ELEMENTS--GENERAL INFORMATION
fixed length control field 231221s1987 ru ||||| |||| 00| 0 rus d
041 ## - LANGUAGE CODE
Language code of text/sound track or separate title rus
080 ## - UNIVERSAL DECIMAL CLASSIFICATION NUMBER
Universal Decimal Classification number 94(38) Л-50
100 ## - MAIN ENTRY--PERSONAL NAME
Personal name Лесков, В.
9 (RLIN) 20847
245 ## - TITLE STATEMENT
Title Спартак /
Statement of responsibility, etc. В. Лесков.
264 ## - PRODUCTION, PUBLICATION, DISTRIBUTION, MANUFACTURE, AND COPYRIGHT NOTICE
Place of production, publication, distribution, manufacture Москва :
Name of producer, publisher, distributor, manufacturer Молодая гвардия,
Date of production, publication, distribution, manufacture, or copyright notice 1987.
300 ## - PHYSICAL DESCRIPTION
Extent 384 с.:
Other physical details ил.;
Dimensions 21 см.
440 ## - SERIES STATEMENT/ADDED ENTRY--TITLE
Title Жизнь замечательных людей
9 (RLIN) 20669
653 ## - INDEX TERM--UNCONTROLLED
keyword სპარტაკი
653 ## - INDEX TERM--UNCONTROLLED
keyword ისტორია
942 ## - ADDED ENTRY ELEMENTS (KOHA)
Source of classification or shelving scheme
Koha item type წიგნი
ეგზემპლარები
Withdrawn status Lost status Source of classification or shelving scheme Damaged status Not for loan Permanent Location Current Location Shelving location Date acquired Cost, normal purchase price Full call number Barcode Date last seen Copy number Uniform Resource Identifier Price effective from Koha item type Public note
          ბათუმის შოთა რუსთაველის სახელმწიფო უნივერსიტეტის მთავარი ბიბლიოთეკა ბათუმის შოთა რუსთაველის სახელმწიფო უნივერსიტეტის მთავარი ბიბლიოთეკა წიგნსაცავი 2023-12-21 6.00 94(38) Л-50 65647 2023-12-21 65647 ბსუ-ს საპატიო დოქტორის გურამ ლორთქიფანიძის საჩუქარი 2023-12-21 წიგნი 6 ლ.